000 00819nam a2200241 a 4500
005 20160220091102.0
008 160220r1991 - abd fr|||| 001 0 eng d
020 _a0946688222
040 _aCO-BoIAVH
_cCO-BoIAVH
041 0 _aeng
044 _aenk
082 0 4 _a551.577
_bP11r
100 1 _aPacey, Arnold
245 1 0 _aRainwater harvesting :
_bthe colection of rainfall and run-off in rural areas
260 _aLondon :
_bIntermediate Technology Publications,
_cc1986.
300 _a216 páginas :
_bIlustraciones, mapas, fotografías ;
_c24 x 16 cm
504 _aIncluye referencias bibliográficas páginas: [196]-207.
650 1 6 _aAgua
_xPreservación
650 2 6 _aUtilización del agua.
650 1 6 _aAgua de lluvia
700 1 _aCullis, Adrian
942 _cLIBRO
_2ddc
999 _c5613
_d5613